000 nam a22 7a 4500
999 _c40708
_d40708
003 OSt
005 20170927100751.0
008 170927b xxu||||| |||| 00| 0 eng d
040 _cSEROSOFT
100 _aSHARMA,Y D
245 _aFUNDAMENTALS OF ELECTRONIC DEVICES
260 _aMEERUT
_bBBPP,MEERUT
_c2017
300 _a320
942 _2ddc
_c02
_e12TH